Paz fundada sobre la verdad, la justicia, el amor y la verdad

Đã lưu trong:
Chi tiết về thư mục
Tác giả chính: Juan XXIII (Tác giả)
Định dạng: Sách
Ngôn ngữ:Tiếng Tây Ban Nha
Được phát hành: Santiago Paulinas 1964
Những chủ đề:
Các nhãn: Thêm thẻ
Không có thẻ, Là người đầu tiên thẻ bản ghi này!

MARC

LEADER 00000nam a2200000 a 4500
001 UCZ1399
003 CL-VaPUC
008 950824e19640000CL |||||||||||||||||spa|d
082 0 4 |a 296.91  |b JUA  |2 21 
100 |a Juan XXIII  |e author  |9 337271 
245 1 0 |a Paz fundada sobre la verdad, la justicia, el amor y la verdad 
246 1 0 |a Carta encíclica Pacem in Terris 
300 |a 61 p 
942 |c BK 
945 |d 19950824 00:00:00  |a aalvarez 
260 |a Santiago  |b Paulinas  |c 1964 
650 0 |a Encíclicas  |9 255643 
650 0 |a Documentos pontificios   |9 255642 
650 0 |a Paz  |9 259242 
583 |a last modification  |c 19950824 00:00:00  |k Rodrigo Vera 
999 |c 238149  |d 238147 
952 |0 0  |1 0  |4 0  |6 296_910000000000000_JUA_1964  |7 0  |8 A  |9 248172  |a BIBTEO  |b BIBTEO  |d 2019-11-18  |i 3128547  |o 296.91 JUA 1964  |p 3128547  |r 2025-01-17  |w 2019-11-18  |y BK  |k ICR